| 000 | 00574nam a2200169 a 4500 | ||
|---|---|---|---|
| 001 | 000031389 | ||
| 005 | 20240409073643.0 | ||
| 008 | 110620t1937 dr r 000 0bspa d | ||
| 040 |
_aDO-SdBNP _bspa _cBNPHU |
||
| 082 | _aF-RD 55 | ||
| 100 | 1 |
_aNanita, Abelardo R. _945855 |
|
| 245 | 1 | 0 |
_aTrujillo de cuerpo entero : _buna semblanza / _cAbelardo R. Nanita. |
| 260 |
_aCiudad Trujillo, República Dominicana : _bLa Nación, _c1937. |
||
| 300 |
_a32 p. ; _c19 cm. |
||
| 600 | 1 | 0 |
_aTrujillo Molina, Rafael Leónidas, _d 1891-1961 _976764 |
| 910 | _aValidado. Control de calidad EMS. | ||
| 999 |
_c30881 _d30881 |
||